Normal view
MARC view
- الأزمات الاقتصادية -- مؤتمرات ، الأزمة المالية العالمية، 2008-2009،الاقتصاد الإسلامي
Entry Topical Term
001 - CONTROL NUMBER
- control field: 45567
003 - CONTROL NUMBER IDENTIFIER
- control field: JO-AjAnu
005 - DATE AND TIME OF LATEST TRANSACTION
- control field: 20230606081533.0
008 - FIXED-LENGTH DATA ELEMENTS
- fixed length control field: 230606|| aca||aabn | a|a d
040 ## - CATALOGING SOURCE
- Original cataloging agency: JO-AjAnu
- Transcribing agency: JO-AjAnu
150 ## - HEADING--TOPICAL TERM
- Topical term or geographic name entry element: الأزمات الاقتصادية -- مؤتمرات ، الأزمة المالية العالمية، 2008-2009،الاقتصاد الإسلامي
670 ## - SOURCE DATA FOUND
- Source citation: Work cat.: (JO-AjAnu)23330: المؤتمر العلمي الدولي حول الأزمة الاقتصادية العالمية المعاصرة من منظور إسلامي ؛تحرير:احمد فراس العوران, author 45566, الأزمة الاقتصادية العالمية المعاصرة من منظور اسلامي